| Tag |
First Indicator |
Second Indicator |
Subfields |
| LEADER |
00000cam a2200000 a 4500 |
| 001 |
in00001404942 |
| 005 |
20151020064054.0 |
| 008 |
840716s1968 txu b s000 0 eng d |
| 035 |
|
|
|a (OCoLC)10955952
|
| 035 |
|
|
|9 AHP4450AM
|
| 040 |
|
|
|a TWT
|c TWT
|d TXA
|d UtOrBLW
|
| 049 |
|
|
|a TXAO
|
| 086 |
|
|
|a Z TA245.7 M681 NO.883
|2 txdocs
|
| 100 |
1 |
|
|a Wiese, Allen F.
|
| 245 |
1 |
0 |
|a Johnsongrass control with dalapon and methanearsonate herbicides /
|c Allen F. Wiese.
|
| 264 |
|
1 |
|a College Station, Tex. :
|b Texas Agricultural Experiment Station,
|c 1968.
|
| 300 |
|
|
|a 4 pages ;
|c 28 cm.
|
| 336 |
|
|
|a text
|b txt
|2 rdacontent
|
| 337 |
|
|
|a unmediated
|b n
|2 rdamedia
|
| 338 |
|
|
|a volume
|b nc
|2 rdacarrier
|
| 490 |
1 |
|
|a MP ;
|v 883
|
| 500 |
|
|
|a "June 1968"
|
| 504 |
|
|
|a Bibliography: page 4.
|
| 650 |
|
0 |
|a Weeds
|x Control.
|
| 650 |
|
0 |
|a Herbicides.
|
| 710 |
2 |
|
|a Texas Agricultural Experiment Station.
|
| 830 |
|
0 |
|a MP ;
|v 883.
|
| 999 |
|
|
|a MARS
|
| 999 |
f |
f |
|s fac8a69f-8d80-31fc-9030-975e648aa5fc
|i 055d8997-860b-349b-a65c-ddb61c797e5b
|t 0
|
| 952 |
f |
f |
|p normal
|a Texas A&M University
|b College Station
|c Sterling C. Evans Library
|d Evans: Texas Documents (Annex 5th floor)
|t 0
|e Z TA245.7 M681 NO.856-895
|h Superintendent of Documents classification
|i unmediated -- volume
|k no.856-895
|l -1968:Sept
|m A14816097282
|
| 952 |
f |
f |
|a Texas A&M University
|b College Station
|c Sterling C. Evans Library
|d Evans: Texas Documents (Annex 5th floor)
|t 0
|e Z TA245.7 M681 NO.856-895
|h Superintendent of Documents classification
|
| 998 |
f |
f |
|a Z TA245.7 M681 NO.856-895
|s no.856-858,860-863,865-868,870-873,876-880,882-885,887-890,893-895
|t 0
|l Evans: Texas Documents (Annex 5th floor)
|